000 00694nas a2200253 4500
001 BR0704348
003 BR-BrBNA
005 20231205111114.0
007 ta
008 230509b bl.|||p| |||| 00| 00por d
040 _aBR-BrBNA
_bpor
_cBiblioteca Nacional de Agricultura
041 _a(Pt)
072 _aS01
100 1 _aSilva, K.
100 1 _aBolini, H.M.A.
100 1 _aAntunes, A.J.
245 1 _aSoro de leite bovino em sorvete
650 _aSORVETE
650 _aSORO DE LEITE
650 _aBOVINO
773 0 _tAlimentos e Nutrição (Brazil)
_xISSN 0103-4235
_g(2004), v. 15(2) p. 187-196
_wBR0704348
909 _a202311
_bLúcia
_c55
_dLúcia Elande
942 _2AGRIS
_n0
_cANA
999 _c190686
_d190686